000 005600000a22001810004500
003 MACL
005 20160130162918.0
008 160130b xxu||||| |||| 00| 0 eng d
040 _aMACL
_cMACL
041 _aHindi
082 _a350
100 _aडॉ बी एल फडिया
_933645
245 _aभारत में लोक प्रशासन
260 _bसाहित्‍य भवन पब्लिकेशन्‍स
_c2006
_aआगरा
350 _a200
650 _aलोक शासन
_936271
942 _cHIN
_k350
_2ddc
999 _c45549
_d45549